|
|
|
|
| LEADER |
00000ny a22000003n 4500 |
| 005 |
2011062102162.0 |
| 006 |
m u |
| 007 |
cr cn||||||||| |
| 008 |
200903r2008 sp |||||s|||||||||||spa d |
| 020 |
|
|
|a 9788498492910
|
| 035 |
|
|
|a 2739
|
| 040 |
|
|
|a FlNmELB
|c FlNmELB
|d vlex
|
| 080 |
|
|
|a 396(091)
|
| 090 |
|
|
|c 1254
|d 1254
|
| 245 |
0 |
0 |
|a Gňero y espacio pb︢lico
|h [Recurso electrn̤ico]
|b nueve ensayos /
|c Montserrat Huguet, Carmen Gonzl̀ez Martn̕ (editoras)
|
| 256 |
|
|
|a Servicio en ln̕ea
|
| 260 |
|
|
|a Madrid :
|b Dykinson,
|c 2008
|
| 300 |
|
|
|a 225 p
|
| 506 |
1 |
|
|a Contenido solo disponible en los productos indicados
|d vLex Global
|d vLex Global (Academic Edition, excluding Law Schools)
|d vLex Global (U.S. Academic Edition, Law Schools)
|d vLex Global (U.S. Academic Edition, excluding Law Schools)
|d vLex Global (Academic Edition, Law Schools)
|
| 650 |
0 |
7 |
|a Administrativo
|2 Tesauro vLex
|
| 650 |
0 |
7 |
|a Espacios pb︢licos
|2 Tesauro vLex
|
| 700 |
1 |
|
|a Gonzl̀ez Marn̕, Carmen,
|e edit
|
| 700 |
1 |
|
|a Huguet, Montserrat,
|e edit
|
| 740 |
0 |
|
|a vLex Libros (Servicios en ln̕ea)
|
| 856 |
4 |
0 |
|z Acceso restringido
|u http://vlex.com/source/genero-espacio-publico-2739
|
| 942 |
|
|
|c BOOK
|